00578nam a2200205Ia 4500003000400000005001700004008004100021020001500062040001800077041000800095082002100103100001700124245005400141250001200195260003400207300002900241650003900270650004200309650002100351OSt20240805155605.0210716s2001 xx 000 0 und d a8171675848 cAIMIT LIBRARY aeng a374.22 21bSHAG aSharma, G D. aManagement and the Indian ethos /cBy G D Sharma. a1st ed. aNew Delhi :bRupa Co ,c2001. avii,133p. ;bPBc22.5 cm aCulture Indian and Western culture aPlatosopher- king model of leadership aDecision- making